| 000 | 00525cam a2200181 a 4500 | ||
|---|---|---|---|
| 001 | sa 65002421 | ||
| 003 | DLC | ||
| 005 | 20260227112116.0 | ||
| 008 | 840411s1963 pk 000 f urdo | ||
| 010 | _asa 65002421 | ||
| 040 |
_aDLC _cDLC _dDLC |
||
| 050 | 0 | 0 |
_aPK2199.A285 _bR86 1963 |
| 100 | 0 |
_aAe. Ār. K̲h̲ātūn, _d1900-1965. |
|
| 245 | 1 | 0 |
_aRummānah : _bek dilcasp muʻāsharatī nāvil / _cAe. Ār. K̲h̲ātūn. |
| 260 |
_aLāhaur : _bĀʼīnah-yi Adab, _c1963. |
||
| 300 |
_a445 p. ; _c19 cm. |
||
| 546 | _aIn Urdu. | ||
| 999 |
_c62620 _d62620 |
||